000 00492nam a2200169 a 4500
001 37290
005 20180714010155.0
008 140415s1989 000 0 spa d
020 _a9682608163
041 _aspa
082 _a658.562
_bMAR
100 1 _aMARROQUIN SUAREZ, PEDRO
245 1 3 _aLA GESTION EN LOS SISTEMAS DE CONTROL DE CALIDAD
260 _a[s.l.] :
_bCOMPAÑIA EDITORIAL CONTINENTAL,
_c1989
300 _a126
650 1 4 _aCALIDAD TOTAL
_xCONTROL DE CALIDAD
999 _c37290
_d37290